Archbold : (Record no. 7666)

MARC details
000 -LEADER
fixed length control field 00544nam a22001697a 4500
008 - FIXED-LENGTH DATA ELEMENTS--GENERAL INFORMATION
fixed length control field 130228t xxu||||| |||| 00| 0 eng d
020 ## - INTERNATIONAL STANDARD BOOK NUMBER
International Standard Book Number 9-7804-1404-8478
082 ## - DEWEY DECIMAL CLASSIFICATION NUMBER
Edition number 22 ed.
Classification number 345.05 ARC
100 ## - MAIN ENTRY--PERSONAL NAME
Personal name Edited by Barnes,Barbra
9 (RLIN) 6944
245 ## - TITLE STATEMENT
Title Archbold :
Remainder of title magistrates'courts criminal practice 2013 /
Statement of responsibility, etc Editor, Barbara Barnes
260 ## - PUBLICATION, DISTRIBUTION, ETC. (IMPRINT)
Place of publication, distribution, etc UK :
Name of publisher, distributor, etc Thomson Reuters
Date of publication, distribution, etc c2012.
300 ## - PHYSICAL DESCRIPTION
Extent clxxxii, 23888 P. ;
Dimensions 24 cm.
500 ## - GENERAL NOTE
General note Includes Index
650 ## - SUBJECT ADDED ENTRY--TOPICAL TERM
Topical term or geographic name as entry element Archbold
9 (RLIN) 6945
650 ## - SUBJECT ADDED ENTRY--TOPICAL TERM
Topical term or geographic name as entry element criminal practice 2012
9 (RLIN) 6946
942 ## - ADDED ENTRY ELEMENTS (KOHA)
Source of classification or shelving scheme Dewey Decimal Classification
Item type Books
Holdings
Withdrawn status Lost status Source of classification or shelving scheme Damaged status Not for loan Home library Current library Shelving location Date acquired Total Checkouts Full call number Date last seen Copy number Price effective from Koha item type
    Dewey Decimal Classification     Law Development Centre Main Library Law Development Centre Main Library Text Books and Laws 07/10/2015   345.05 ARC 07/10/2015 001 07/10/2015 Books